Viisi lähintä valtiota valtioittain #2 - Statistics

Yleistilastot
  • Tätä visaa on pelattu 1 128 kertaa
  • Keskiarvotulos 30 / 38
Vastaustilastot
Lähtövaltio # Valtio % Oikein
Etelä-Korea 0 Pohjois-Korea
99%
Etelä-Korea 301 Kiina
98%
Irlanti 0 Yhdistynyt kuningaskunta
98%
Etelä-Korea 49 Japani
97%
St. Lucia, Ireland, Tunisia 34, 413, 441 Ranska
93%
Irlanti 662 Alankomaat
91%
Irlanti 619 Belgia
91%
Uruguay 0 Brasilia
91%
Uruguay 0 Argentiina
89%
Uruguay 315 Paraguay
88%
Uruguay 1030 Chile
87%
Singapore 10 Indonesia
87%
Etelä-Korea 469 Venäjä
86%
Tunisia 0 Algeria
85%
Kap Verde 766 Marokko
85%
Irlanti 824 Saksa
84%
Singapore 528 Thaimaa
84%
Uruguay 1060 Bolivia
83%
Tunisia 0 Libya
83%
Bahrain 16 Saudi-Arabia
83%
Singapore 1 Malesia
81%
Bahrain 1 Qatar
80%
Etelä-Korea 992 Taiwan
78%
Bahrain 184 Iran
75%
Singapore 796 Vietnam
75%
Bahrain 190 Yhdistyneet arabiemiraatit
74%
Tunisia 73 Italia
73%
Bahrain 331 Kuwait
72%
Tunisia 296 Malta
68%
Kap Verde 572 Senegal
67%
Saint Lucia 42 Saint Vincent ja Grenadiinit
65%
Singapore 961 Kambodža
64%
Kap Verde 670 Mauritania
63%
Kap Verde 704 Gambia
62%
Saint Lucia 147 Barbados
56%
Saint Lucia 132 Dominica
54%
Saint Lucia 179 Grenada
54%
Kap Verde 775 Guinea-Bissau
50%
Ehtoja vastaavia visoja ei löytynyt
Tulosjakauma
Jokaisen tuloksen saaneiden osuus
Persentiili vastausten määrän mukaan
Tuloshistoriasi
Et ole pelannut tätä visaa